000 01459nam a2200265Ia 4500
999 _c40002
_d40002
001 6608
003 GE_BSU
005 20191210170138.0
008 181216s2005||||ge |||||||||||||| ||geo||
020 _a9994005480
040 _cGE_BSU
041 _ageo
080 _a821.353.1.(092 ვაჟა-ფშაველა) შ-24
100 _aშარაბიძე, თამარ
_95772
245 _aქრისტიანული მოტივები ვაჟა-ფშაველას შემოქმედებაში :
_bსახელმძღვ. ჰუმანიტ. დარგის სტუდენტებისათვის /
_cთამარ შარაბიძე ; რედ. ჯუმბერ ჭუმბურიძე.
264 _aთბილისი :
_bთბილისის სახ. უნ-ტი,
_c2005.
300 _a271 გვ.:
_b1ფ.პორტრ. ;
_c20 სმ.
504 _a ბიბლიოგრ.: გვ. 264-270.
600 _aვაჟა-ფშაველა
_95768
653 _aქართული ლიტერატურის ისტორია და კრიტიკა
653 _aქართული მითოლოგია
700 _aჭუმბურიძე, ჯუმბერ
_eრედაქტორი
_95774
710 _a თსუ-ს ვაჟა-ფშაველას კაბინეტი.
_95775
942 _cBK
_2udc